书目信息 |
| 题名: |
太平天国在浙江
|
|
| 作者: | 王兴福 著 | |
| 分册: | ||
| 出版信息: | 北京 社会科学文献出版社 2007.11 |
|
| 页数: | 349页 | |
| 开本: | 21cm | |
| 丛书名: | 中国地方社会科学院学术精品文库 | |
| 单 册: | ||
| 中图分类: | K254 | |
| 科图分类: | ||
| 主题词: | 太平天国革命--tai ping tian guo ge ming--研究--浙江省 | |
| 电子资源: | ||
| ISBN: | 978-7-80230-747-6 | |
| 000 | 01334nam 2200277 450 | |
| 001 | S8351809 | |
| 005 | 20080917092554.06 | |
| 010 | @a978-7-80230-747-6@dCNY35.00 | |
| 100 | @a20050701d2007 ekmy0chiy0121 ea | |
| 101 | @achi | |
| 102 | @aCN@b110000 | |
| 105 | @ay z 000yy | |
| 200 | 1 | @a太平天国在浙江@Atai ping tian guo zai zhe jiang@d= Taiping Heavenly Kingdom in zhejiang@f王兴福著@zeng |
| 210 | @a北京@c社会科学文献出版社@d2007.11 | |
| 215 | @a349页@d21cm | |
| 225 | 2 | @a中国地方社会科学院学术精品文库@Azhong guo di fang she hui ke xue yuan xue shu jing pin wen ku@i浙江系列 |
| 314 | @a王兴福(1929- ),生于浙江奉化市,1956年毕业于浙江师范学院历史科。著有《太平军在杭州》等。 | |
| 330 | @a本书以丰富翔实的史料,全面系统地从军事、政治、经济、文化等方面,论述太平军在浙江的活动和设施,对太平天国前的浙江政治、经济和太平天国对浙江的影响也进行论述,是迄今为止第一本篇幅最大、论述最全面的太平天国区域史专著。同时,书中运用大量的太平天国文物资料和罕见的地方文献资料,考订精审,立论公允,见解独到。 | |
| 410 | 0 | @12001 @a中国地方社会科学院学术精品文库@i浙江系列 |
| 510 | 1 | @aTaiping Heavenly Kingdom in zhejiang@zeng |
| 606 | 0 | @a太平天国革命@Atai ping tian guo ge ming@x研究@y浙江省 |
| 690 | @aK254@v4 | |
| 701 | 0 | @a王兴福@Awang xing fu,@f1929- @4著 |
| 801 | @aCN@c20080917 | |
| 905 | @dK254@eW390 | |
| 999 | @aLYX | |
| 太平天国在浙江= Taiping Heavenly Kingdom in zhejiang/王兴福著.-北京:社会科学文献出版社,2007.11 |
| 349页;21cm.-(中国地方社会科学院学术精品文库.浙江系列) |
| ISBN 978-7-80230-747-6:CNY35.00 |
| 本书以丰富翔实的史料,全面系统地从军事、政治、经济、文化等方面,论述太平军在浙江的活动和设施,对太平天国前的浙江政治、经济和太平天国对浙江的影响也进行论述,是迄今为止第一本篇幅最大、论述最全面的太平天国区域史专著。同时,书中运用大量的太平天国文物资料和罕见的地方文献资料,考订精审,立论公允,见解独到。 |
| ● |
| 相关链接 |
|
|
|
正题名:太平天国在浙江
索取号:K254/W390
 
预约/预借
| 序号 | 登录号 | 条形码 | 馆藏地/架位号 | 状态 | 备注 |
| 1 | 679315 | 206793157 | 社科库309/309社科库 35排5列3层/ [索取号:K254/W390] | 在馆 | |
| 2 | 679316 | 206793166 | 社科库309/309社科库 35排5列3层/ [索取号:K254/W390] | 在馆 | |
| 3 | 679317 | 206793175 | 社科库309/309社科库 35排5列3层/ [索取号:K254/W390] | 在馆 |